Metáforas en la terminología económica española
Na minha lista:
| Autor principal: | |
|---|---|
| Formato: | Capítulo de Livro |
| Idioma: | espanhol |
| Assuntos: | |
| Tags: |
Sem tags, seja o primeiro a adicionar uma tag!
|
MARC
| LEADER | 00000naa$a2200000$$$4500 | ||
|---|---|---|---|
| 001 | 0297684 | ||
| 005 | 20240502084002.1 | ||
| 041 | 0 | |a spa | |
| 044 | |a RS | ||
| 245 | 1 | 0 | |a Metáforas en la terminología económica española |c Želmíra Pavliková |
| 500 | |a Abstrakt | ||
| 610 | 2 | 0 | |a jazyk obchodný |
| 610 | 2 | 0 | |a jazyky cudzie |
| 610 | 2 | 0 | |a španielčina |
| 610 | 2 | 0 | |a kultúra |
| 100 | 1 | |a Pavliková, Želmíra, 1979- | |